| Tag |
First Indicator |
Second Indicator |
Subfields |
| LEADER |
00000cam a2200000 a 4500 |
| 001 |
in00001404884 |
| 005 |
20151020064038.0 |
| 008 |
980220s1997 enk b 001 0 eng d |
| 020 |
|
|
|a 0863722172
|
| 035 |
|
|
|a (OCoLC)38484120
|
| 035 |
|
|
|9 AHP4390AM
|
| 040 |
|
|
|a VYF
|c VYF
|d UMC
|d TXA
|d UtOrBLW
|
| 043 |
|
|
|a a-is---
|
| 049 |
|
|
|a TXAM
|
| 090 |
|
|
|a JQ1830.A98
|b M44 1997
|
| 100 |
1 |
|
|a Lochery, Neill.
|
| 245 |
1 |
4 |
|a The Israeli Labour Party :
|b in the shadow of the Likud /
|c Neill Lochery.
|
| 250 |
|
|
|a 1st ed.
|
| 264 |
|
1 |
|a Reading, UK :
|b Ithaca Press,
|c [1997]
|
| 264 |
|
4 |
|c ©1997
|
| 300 |
|
|
|a xx, 355 pages :
|b illustrations ;
|c 25 cm.
|
| 336 |
|
|
|a text
|b txt
|2 rdacontent
|
| 337 |
|
|
|a unmediated
|b n
|2 rdamedia
|
| 338 |
|
|
|a volume
|b nc
|2 rdacarrier
|
| 504 |
|
|
|a Includes bibliographical references (pages 333-345) and index.
|
| 651 |
|
0 |
|a Israel
|x Politics and government
|y 1948-1967.
|
| 610 |
2 |
0 |
|a Mifleget ha-ʻavodah ha-Yiśreʼelit.
|
| 948 |
|
|
|a c:jal
|
| 999 |
|
|
|a MARS
|
| 999 |
f |
f |
|s d4ec40f0-dfca-3b6f-82f5-01e759104247
|i 63e20752-7fb1-3f06-892d-7f9c304567a8
|t 0
|
| 952 |
f |
f |
|p ric
|a Texas A&M University
|b Rellis Campus
|c Joint Library Facility
|d Remote Storage
|t 0
|e JQ1830.A98 M44 1997
|h Library of Congress classification
|i unmediated -- volume
|m A14822491101
|
| 998 |
f |
f |
|a JQ1830.A98 M44 1997
|t 0
|l Remote Storage
|